01053naa#a2200217#i#4500001002200000005001700022011001400039100004100053101000800094102000700102200023200109210016900341215001000510608004500520675007800565700003400643700006000677700003400737700005000771856001400821RU\INFRA-M\bibl\3063120260512023820.2##a2306-1731##a20190924b2019####ek#y0rusy0150####ca0#aRUS##aRU1#aСистема измерителей конфликтологической компетенции студентов вуза специальности «Социальная работа»eЖурнальная статья1#aМоскваcОбщество с ограниченной ответственностью «Научно-издательский центр ИНФРА-М»d2019##a6 с.##aЖурнальная статья2local##aСтатистика. Демография. Социология. 31zRUS#1aАлпысбаеваgМ. Б.#1aМанашоваgГульмира Нурлановна#1aРабадановаgР. С.#1aШишовgСергей Евгеньевич4#azh-szf.ru